000 00692nam a22002417a 4500
005 20241209114316.0
008 241209b ||||| |||| 00| 0 eng d
020 _a9789395939881
040 _cAL
041 _aeng
082 _223
_a347.54
_bCHAS
100 _aK.Gururaja Chari
_9188782
245 _aSupreme court selected leading cases: Vol I
250 _a6
260 _aNew Delhi
_bVinod Publications
_c2024
300 _a1665p.
_bHB
_c23x16cm.
365 _2General
_a1060
_b₹1182.60
_c
_d₹1620.00
_e27%
_f28/11/2024
650 _aVolume-1
_9188783
650 _aCases
_9188784
650 _aSupreme Court
_9188785
700 _aNAYYAR(Yogesh V)
_9188786
942 _2ddc
_cREF
999 _c232309
_d232309